000 00301nam a2200133Ia 4500
008 230312s9999||||xx |||||||||||||| ||und||
082 _a615.36
_bSOH-D
100 _aSohail;Nusrat
245 0 _aDrugs Index
260 _bHealth
_aPK
_c1996
300 _a475
650 _aPharmacy
_vMedicine
942 _cBK
999 _c3325
_d3325